| 000 | 00453nam a22001577a 4500 | ||
|---|---|---|---|
| 082 |
_a553.78 _bPAK _cD |
||
| 100 |
_aPakistan WAPDA Lahore _940336 |
||
| 110 |
_aPakistan WAPDA Lahore _940337 |
||
| 245 |
_a1973 Annual report of River and climatological data of Pakistan _cWAPDA PAKISTAN |
||
| 250 | _aV-III | ||
| 260 |
_aPakistan _c1982 |
||
| 300 | _aiv, 1082p.: | ||
| 526 |
_a0 _b0 _c0 _d553_780000000000000_PAK |
||
| 650 |
_aMCE _9379 |
||
| 942 |
_2ddc _cBK |
||
| 999 |
_c544665 _d544665 |
||